000 00506nam a2200193Ia 4500
005 20250508153908.0
008 008 250505s9999 xx 000 0 fre d
037 _aBooks to be hide in OPAC
040 _aFEDL
_beng
_cFEDL
041 _afre
_2eng
084 _qFEDL
100 _aGros J
_9764619
245 0 _aLakanal et l'education nationale
260 _aParis, France
_bE. Andre Fils, Editeur
_c1912
300 _ax,212p.
546 _aWeeded out
942 _cHB
999 _c1346194
_d1346194